Operation Management Theory & Practical (Record no. 3344)

MARC details
000 -LEADER
fixed length control field 00331nam a2200133Ia 4500
008 - FIXED-LENGTH DATA ELEMENTS--GENERAL INFORMATION
fixed length control field 191201s2007 xx 000 0 und d
082 ## - DEWEY DECIMAL CLASSIFICATION NUMBER
Classification number 658.5
Item number MAO
100 ## - MAIN ENTRY--PERSONAL NAME
Personal name MAHADEVAN, B
245 #0 - TITLE STATEMENT
Title Operation Management Theory & Practical
260 ## - PUBLICATION, DISTRIBUTION, ETC. (IMPRINT)
Place of publication, distribution, etc N.Delhi
Name of publisher, distributor, etc Pearson Education
Date of publication, distribution, etc 2007
300 ## - PHYSICAL DESCRIPTION
Extent 583
650 ## - SUBJECT ADDED ENTRY--TOPICAL TERM
Topical term or geographic name as entry element MBA
942 ## - ADDED ENTRY ELEMENTS (KOHA)
Source of classification or shelving scheme Dewey Decimal Classification
Koha item type Text Books
Holdings
Withdrawn status Lost status Source of classification or shelving scheme Damaged status Not for loan Collection code Home library Current library Date acquired Source of acquisition Cost, normal purchase price Bill Number Total Checkouts Full call number Acc. no. / Barcode Date last seen Date last borrowed Bill Date Koha item type Checked out Public note
    Dewey Decimal Classification     MBA PIET C-LIBRARY PIET C-LIBRARY 28/01/2008 J B C, New Delhi 325.00 1909 1 658.5 MAO 8620 04/04/2025 21/03/2025 09/10/2008 Text Books    
    Dewey Decimal Classification     MBA PIET C-LIBRARY PIET C-LIBRARY 28/01/2008 J B C, New Delhi 325.00 1909   658.5 MAO 8621 04/12/2019   09/10/2008 Text Books    
    Dewey Decimal Classification     MBA PIET C-LIBRARY PIET C-LIBRARY 28/01/2008 J B C, New Delhi 325.00 1909   658.5 MAO 8622 04/12/2019   09/10/2008 Text Books    
    Dewey Decimal Classification     MBA PIET C-LIBRARY PIET C-LIBRARY 28/01/2008 J B C, New Delhi 325.00 1909 1 658.5 MAO 8623 22/01/2022 22/01/2022 09/10/2008 Text Books 21/07/2022 .
    Dewey Decimal Classification     MBA PIET C-LIBRARY PIET C-LIBRARY 28/01/2008 J B C, New Delhi 325.00 1909   658.5 MAO 8624 04/12/2019   09/10/2008 Text Books    

Design & Developed by: PIET Central Library
R70 Miles Stone Pattikalyana Samalkha Panipat 132102
mail ID :- [email protected], Phone No:- 0180-2569700 Ex.216